000 00435nam a2200181Ia 4500
001 18508
005 20260306171635.0
008 260306s9999||||xx |||||||||||||| ||und||
041 _aESP
082 _a658.406
_bP95
100 _aPulido Cavero, Carlos
_eAUT
245 0 _aGestión del cambio organizacional
260 _c2017
300 _a365 páginas :
_c20 cm.
650 _aGEN
654 _aCAN
942 _cLIB
_dJUS
_fJUS
_2ddc
_n
999 _c18508
_d18508